000 00314nam a2200133Ia 4500
008 230717s9999 xx 000 0 und d
020 _a0-7121-1055-0
041 _aeng
082 _a346.03
_bPAN
100 _aPannett A.J
245 _aLaw Of Torts
250 _a7ed.
260 _aLondon
_bPitman Publishing
_c1995
999 _c671687
_d671687